Countries by Largest City, In Order (North America) - Statistics

General Stats
  • This quiz has been taken 42 times
  • The average score is 17 of 23
Answer Stats
Population City Country % Correct
7,650,000 Toronto Canada
100%
24,500,000 Mexico City Mexico
100%
21,800,000 New York United States
100%
4,000,000 Santo Domingo Dominican Republic
86%
3,325,000 Port-au-Prince Haiti
86%
2,225,000 Havana Cuba
81%
3,200,000 Guatemala City Guatemala
81%
1,880,000 San Salvador El Salvador
78%
1,243,072 Kingston Jamaica
78%
1,350,000 Managua Nicaragua
78%
1,560,000 Panama City Panama
78%
2,375,000 San José Costa Rica
75%
1,230,000 San Pedro Sula Honduras
69%
274,400 Nassau Bahamas
67%
110,000 Bridgetown Barbados
64%
14,000 Basseterre Saint Kitts and Nevis
64%
20,000 Castries Saint Lucia
64%
26,828 Kingstown Saint Vincent and the Grenadines
64%
22,219 St. John's Antigua and Barbuda
61%
65,173 Belize City Belize
61%
14,725 Roseau Dominica
61%
33,734 St. George's Grenada
61%
101,297 Chaguanas Trinidad and Tobago
61%
No matching quizzes found
Score Distribution
Percent of People with Each Score
Percentile by Number Answered
Your Score History
You have not taken this quiz